| 000 | 02159cam a22005054i 4500 | ||
|---|---|---|---|
| 003 | PE-LiUPU | ||
| 005 | 20250731165552.0 | ||
| 008 | 150625s r 000 0 d | ||
| 035 | _a(Sirsi) a34561 | ||
| 035 | _a(Sirsi) a34561 | ||
| 040 |
_aPE-LiUPU _bspa _cPE-LiUPU _erda |
||
| 082 | 0 | 4 |
_a985.04 _bD _223 |
| 100 | 1 |
_aTorrente, Mariano, _d1792-1856, _eautor. |
|
| 245 | 1 | 0 |
_aMemorias, diarios y crónicas : _nVolumen 4. _bHistoria de la revolución de la independencia del Perú / _cpor Mariano Torrente, edición y prólogo de Félix Denegri Luna. |
| 264 | 1 |
_aLima : _bComisión Nacional del Sesquicentenario de la Independencia del Perú, _c[1971]. |
|
| 300 |
_a332 páginas ; _c24 centímetros. |
||
| 336 |
_atext _2rdacontent |
||
| 337 |
_aunmediated _2rdamedia |
||
| 338 |
_avolume _2rdacarrier |
||
| 490 | 0 |
_aColección Documental de la Independencia del Perú ; _v26 |
|
| 500 | _a"Año del sesquicentenario de la Independencia Nacional" | ||
| 505 | 0 | _aPerú: año de 1809 -- Perú: 1810 -- Perú: 1811 -- Perú: 1812 -- Perú: 1813 -- Perú: 1814 -- Perú: 1815 -- Perú: 1816 -- Perú: 1817 -- Perú: 1818 -- Perú: 1819 -- Perú: 1820 -- Chile: 1820 -- Perú: 1821 -- Perú: 1822 -- Perú: 1825 -- Perú: 1824 -- Perú: 1825-1826 (Terminación de su historia -- Sitio del Callao). | |
| 526 | _aSEG44 | ||
| 526 | _aSEG26 | ||
| 526 | _aP151 | ||
| 526 | _aP150 | ||
| 526 | _aP149 | ||
| 526 | _aP146 | ||
| 526 | _aP145 | ||
| 526 | _aP126 | ||
| 526 | _aP125 | ||
| 526 | _aP92 | ||
| 526 | _aP75 | ||
| 526 | _aP74 | ||
| 526 | _aP27 | ||
| 526 | _aP15 | ||
| 650 | 0 | 4 |
_aLibertadores _xDiarios _zPerú. |
| 651 |
_aPerú _xHistoria _yEmancipación, 1808-1824 _vDocumentos. |
||
| 700 | 1 |
_aDenegri Luna, Félix, _d1919-1998, _eeditor. |
|
| 710 | 2 | _a.Comisión Nacional del Sesquicentenario de la Independencia del Perú | |
| 942 |
_2ddc _cBK |
||
| 949 |
_aRC 985.04 D 26 / 4 _wDEWEY _c1 _i17053 _lRC _mBUL _r0 _sY _tBOOK _u2015-6-25 _xBIBLIOTECA _zUNKNOWN _0COMPRA _o.CIRCNOTE. No olvidar cambiar la fecha de devolución!!!!!!! _o.STAFF. Colección General |
||
| 999 |
_c42431 _d42431 |
||
| 980 |
_81 _gALBERTO SANCHEZ Responsable de Automatización |
||